Statistics for Countries that border Kenya

Click here to take the quiz!

General Stats

  • This quiz has been taken 2,250 times
    (2,249 since last reset)
  • The average score is 4 of 5

Answer Stats

Country % Correct
Tanzania
93%
Somalia
92%
Uganda
88%
Ethiopia
85%
South Sudan
70%

Score Distribution

Percentile by Number Answered

Percent of People with Each Score

Your Score History

You have not taken this quiz since the last reset